| 000 | 01392 a2200253 4500 | ||
|---|---|---|---|
| 001 | 43895 | ||
| 005 | 20260407155720.0 | ||
| 008 | 260407a2016 arg spa d | ||
| 003 | AR-UNSa-BCEJYS | ||
| 040 |
_aAR-UNSa-BCEJYS _bspa _cAR-UNSa-BCEJYS |
||
| 080 |
_a35.076 _xDeberes y competencias de los organismos públicos (Responsabilidad del estado) |
||
| 245 | 1 | 0 |
_aResponsabilidad del estado _pCrítica y estudio exegético de la Ley 26.944 |
| 020 | _a978-987-635-075-4 | ||
| 264 | 1 |
_aRosario : _bNova Tesis _c2016 |
|
| 300 |
_a888 p. _c23 cm. |
||
| 505 | _a1. Ámbito de aplicación - 2. Eximición de responsabilidad - 3. Requisitos de la responsabilidad del estado por acción u omisión ilegítima - 4. Responsabilidad estatal por actividad legítima - 5. Responsabilidad por actividad legítima y alcance de la indemnización - 6. Irresponsabilidad del estado por hecho de concesionario o contratista - 7. Plazos de prescripción de la acción - 8. Nulidad e inconstitucionalidad - 9. Responsabilidad de funcionarios y agentes. Acción de repetición - 10. Responsabilidad contractual - 11. Ley de adhesión | ||
| 041 | _aspa | ||
| 942 | _cBK | ||
| 590 | _aniveau_biblio:m niveau_hierar:0 | ||
| 100 | 1 | _aThomas, Gustavo J. | |
| 650 | _aLEY 26.944 | ||
| 856 | 4 | 1 |
_uhttps://biblioeco.unsa.edu.ar/pmb/images/libros/L126793.jpg _yImagen de portada _qimage/jpeg |
| 650 | _a ley 26 944 | ||
| 999 |
_c3750 _d3750 |
||